00850nam a22002177a 4500003000900000008004100009040007100050082002100121245006100142260002900203300002800232440005400260505016400314650002600478650002300504650002200527650001900549700002500568700002000593700001900613AR-CdUCM190429b ||||| |||| 00| 0 spa d aMUNICIPALIDAD PROVINCIAL DEL CUSCOcBIBLIOTECA MUNICIPAL DEL CUSCO aAtuqpa/N°2/2013 aRewista Atuqpa Chupan /cAyllunchikqa sunqu rurunchikpim aLima.bSánchez,c2013. a78 páginas. :c30 cm. aRewista Atuqpa Chupan.nwata 2.yupa 2, 2012-2013. aContenido: Educación Bilingüe intercultural. Gloria Cáceres. -- Mamacha Santa Ana yuyarispa. Máximo Cama Ttito. -- Soi Indio. Landeo Muñoz Pablo. ... aLiteratura cusqueña aLiteratura quechua aInterculturalidad aIdioma quechua aCama Ttito, Máximo aCañari, Hilda aSulca, Antonio